Premios Oscar - Mejor Película Animada - Estadísticas

Estadísticas generales
  • Esta prueba ha sido intentada 202 veces
    159 desde el último reinicio
  • La puntuación promedio es 16 de 23
Estadísticas de respuestas
Año Pista Película % Correcto
2017 Homenaje a la tradición mexicana. Coco
94%
2007 Remi sueña con convertirse en chef de uno de los restaurantes más prestigiosos de Francia. Ratatouille
91%
2004 ¡¿Dónde esta mi supertraje?! Los Increíbles
83%
2010 Tercera entrega del primer largometraje de Pixar. Toy Story 3
83%
2012 Una princesa lucha por revertir el hechizo que transformó a su madre en osa. Valiente / Brave
83%
2001 Aclamada comedia estadounidense plagada de parodias a los cuentos clásicos. Shrek
81%
2020 Un profesor de música muere y debe encontrar el camino de regreso al mundo de los vivos. Soul
81%
2019 Cuarta entrega del primer largometraje de Pixar. Toy Story 4
80%
2008 Película de ciencia ficción y romance, que deja una reflexión sobre la humanidad y el cuidado del ambiente. WALL-E
76%
2002 Película japonesa sobre el viaje que realiza una niña hacia el reino de los espíritus. El viaje de Chihiro
75%
2021 No se habla de Bruno. Encanto
75%
2016 Policial situado en un mundo antropomórfico. Zootopia / Zootrópolis
74%
2006 Musical animal situado en la Antártida. Happy Feet
72%
2009 No hace falta tener veinte años para vivir grandes aventuras. Up
72%
2015 Los productores consultaron a numerosos psicólogos y neurólogos para su realización. Intensamente / Del revés
71%
2003 P. Sherman Calle Wallaby 42, Sidney. Buscando a Nemo
70%
2011 Western protagonizado por Johnny Depp. Rango
67%
2013 Musical sobre la hermandad y la aceptación de la diferencia, basada en el cuento de Hans Christian Andersen. Frozen
66%
2022 Adaptación (hecha por un aclamado director mexicano) de la novela de Carlo Collodi, situada esta vez en la Italia Fascista. Pinocho de Guillermo del Toro
60%
2014 Película basada en el cómic de Marvel, situada en San Fransokyo. Big Hero 6
59%
2018 Miles Morales. Spider-Man: Un nuevo universo / Spider-Man: Into the Spider-Verse
57%
2023 Film de Hayao Miyazaki en el que un ave acuática pelecaniforme advierte a un joven que su madre sigue viva. El niño y la garza
46%
2005 Wallace y Gromit se enfrentan a una bestia vegetariana. Wallace y Gromit: ... La batalla de los vegetales / La maldición de las verduras
21%
No se encontraron pruebas coincidentes
Distribución de puntuación
Porcentaje de gente con cada puntuación
Porcentaje por número respondido
Historial de tus puntuaciones
No has intentado esta prueba desde el último reinicio